|
|
|
|
| LEADER |
00000nam0a2200000 4500 |
| 001 |
95117 |
| 005 |
20231031105937.0 |
| 010 |
|
|
|a 5160022198
|b (в пер.)
|b 2500 экз.
|
| 021 |
|
|
|a RU
|b 05-11860
|9 05-609
|
| 035 |
|
|
|a (RuTPU)RU\TPU\book\101869
|
| 090 |
|
|
|a 95117
|
| 100 |
|
|
|a 20060420d2005 m y0rusy5002 ca
|
| 101 |
0 |
|
|a rus
|
| 102 |
|
|
|a RU
|
| 105 |
|
|
|a y j 001zy
|
| 200 |
1 |
|
|a Социальная антропология
|e учебник
|f В. И. Добреньков, А. И. Кравченко
|g Московский государственный университет им. М. В. Ломоносова
|
| 210 |
|
|
|a Москва
|c ИНФРА-М
|d 2005
|
| 215 |
|
|
|a 687 с.
|
| 225 |
1 |
|
|a Классический университетский учебник
|
| 320 |
|
|
|a Библиогр.: с. 675-687, библиография в примечаниях: с. 631-669.
|
| 320 |
|
|
|a Словарь терминов: с. 670-674.
|
| 330 |
|
|
|a В книге излагаются базовые знания социальной и культурной антропологии с учетом мирового опыта, а также вузовского стандарта образования и требований госстандарта: место антропологии в системе научного знания, предмет, объект и методы исследования, теория и эмпирические данные антропогенеза (происхождения человека) и социогенеза (эволюции доисторического общества); типология ранних обществ и исторические этапы развития традиционного общества (охотников и собирателей, родоплеменной строй, вождества). Книга рассчитана на студентов и преподавателей гуманитарных вузов, а также всех, кто любит эту самую интересную современную науку о человеке и обществе.
|
| 610 |
1 |
|
|a философия
|
| 610 |
1 |
|
|a философская антропология
|
| 610 |
1 |
|
|a социальная антропология
|
| 610 |
1 |
|
|a теория
|
| 610 |
1 |
|
|a методология
|
| 610 |
1 |
|
|a этнология
|
| 610 |
1 |
|
|a этносоциология
|
| 610 |
1 |
|
|a экологическая антропология
|
| 610 |
1 |
|
|a религиозная антропология
|
| 610 |
1 |
|
|a этнография детства
|
| 610 |
1 |
|
|a некросоциология
|
| 610 |
1 |
|
|a антропологические исследования
|
| 610 |
1 |
|
|a эмпирические исследования
|
| 610 |
1 |
|
|a антропосоциогенез
|
| 610 |
1 |
|
|a человек
|
| 610 |
1 |
|
|a происхождение
|
| 610 |
1 |
|
|a биологическая эволюция
|
| 610 |
1 |
|
|a австралопитеки
|
| 610 |
1 |
|
|a неандертальцы
|
| 610 |
1 |
|
|a кроманьоны
|
| 610 |
1 |
|
|a эволюционизм
|
| 610 |
1 |
|
|a теория Дарвина
|
| 610 |
1 |
|
|a теория Энгельса
|
| 610 |
1 |
|
|a космизм
|
| 610 |
1 |
|
|a социальные животные
|
| 610 |
1 |
|
|a предчеловеческое стадо
|
| 610 |
1 |
|
|a человеческое стадо
|
| 610 |
1 |
|
|a общество
|
| 610 |
1 |
|
|a охотники
|
| 610 |
1 |
|
|a собиратели
|
| 610 |
1 |
|
|a родоплеменной строй
|
| 610 |
1 |
|
|a вождество
|
| 610 |
1 |
|
|a неолит
|
| 610 |
1 |
|
|a учебники
|
| 686 |
|
|
|a Ю61
|2 rubbk
|
| 700 |
|
1 |
|a Добреньков
|b В. И.
|g Владимир Иванович
|
| 701 |
|
1 |
|a Кравченко
|b А. И.
|g Альберт Иванович
|4 070
|
| 712 |
0 |
2 |
|a Московский государственный университет им. М. В. Ломоносова
|2 stltpush
|3 (RuTPU)RU\TPU\col\7
|
| 801 |
|
0 |
|a RU
|b RKP
|c 20050412
|g PSBO
|
| 801 |
|
1 |
|a RU
|b 63413507
|c 20060420
|g PSBO
|
| 801 |
|
2 |
|a RU
|b 63413507
|c 20071004
|g PSBO
|
| 900 |
|
|
|a Социальная антропология
|
| 942 |
|
|
|c BK
|